Mapa Polski - zaznaczanie pól - Statystyki

Ogólne statystyki
  • Ten quiz został rozwiązany 589 razy
  • Średni wynik to 69 z 80
Statystyki odpowiedzi
Zagadnienie Komórka Select % Poprawnych
Zaznacz wszystkie kafelki które mają granicę z Niemcami(Tylko Polsko-Niemiecka Granica) Nie
99%
Zaznacz wszystkie kafelki które mają granicę z Niemcami(Tylko Polsko-Niemiecka Granica) Nie
99%
Zaznacz wszystkie kafelki które mają granicę z Niemcami(Tylko Polsko-Niemiecka Granica) Tak
99%
Zaznacz wszystkie kafelki które mają granicę z Niemcami(Tylko Polsko-Niemiecka Granica) Nie
99%
Zaznacz wszystkie kafelki które mają granicę z Niemcami(Tylko Polsko-Niemiecka Granica) Nie
99%
Zaznacz wszystkie kafelki które mają granicę z Niemcami(Tylko Polsko-Niemiecka Granica) Nie
99%
Zaznacz wszystkie kafelki które mają granicę z Niemcami(Tylko Polsko-Niemiecka Granica) Nie
99%
Zaznacz wszystkie kafelki które mają granicę z Niemcami(Tylko Polsko-Niemiecka Granica) Nie
99%
Zaznacz wszystkie kafelki które mają granicę z Niemcami(Tylko Polsko-Niemiecka Granica) Nie
99%
Zaznacz wszystkie kafelki które mają granicę z Niemcami(Tylko Polsko-Niemiecka Granica) Nie
99%
Zaznacz wszystkie kafelki które mają granicę z Niemcami(Tylko Polsko-Niemiecka Granica) Nie
99%
Zaznacz wszystkie kafelki które mają granicę z Niemcami(Tylko Polsko-Niemiecka Granica) Nie
98%
Zaznacz wszystkie kafelki które mają granicę z Niemcami(Tylko Polsko-Niemiecka Granica) Tak
97%
Zaznacz wszystkie kafelki które mają granicę z Niemcami(Tylko Polsko-Niemiecka Granica) Nie
97%
Zaznacz kafelki, przez które przepływa Wisła Nie
95%
Zaznacz kafelki, przez które przepływa Wisła Nie
95%
Zaznacz kafelki, przez które przepływa Wisła Nie
95%
Zaznacz wszystkie kafelki graniczące z Czechami Nie
95%
Zaznacz wszystkie kafelki graniczące z Czechami Nie
95%
Zaznacz wszystkie kafelki graniczące z Czechami Nie
95%
Zaznacz wszystkie kafelki graniczące z Czechami Nie
95%
Zaznacz wszystkie kafelki graniczące z Czechami Nie
95%
Zaznacz kafelki, przez które przepływa Wisła Nie
94%
Zaznacz kafelki, przez które przepływa Wisła Nie
94%
Zaznacz kafelki, przez które przepływa Wisła Nie
94%
Zaznacz kafelki, przez które przepływa Wisła Nie
94%
Zaznacz kafelki, przez które przepływa Wisła Nie
94%
Zaznacz wszystkie kafelki graniczące z Czechami Nie
94%
Zaznacz wszystkie kafelki graniczące z Czechami Nie
94%
Zaznacz wszystkie kafelki graniczące z Czechami Nie
94%
Zaznacz wszystkie kafelki graniczące z Czechami Nie
94%
Zaznacz wszystkie kafelki graniczące z Czechami Nie
94%
Zaznacz wszystkie kafelki graniczące z Czechami Nie
94%
Zaznacz wszystkie kafelki graniczące z Czechami Nie
94%
Zaznacz kafelki, gdzie znajdują się miasta, które były(lub są) kiedyś stolicami Polski Nie
94%
Zaznacz wszystkie kafelki graniczące z Czechami Tak
93%
Zaznacz wszystkie kafelki, gdzie jest powiat z ludnością powyżej 500 tys Nie
93%
Zaznacz kafelki, gdzie znajdują się miasta, które były(lub są) kiedyś stolicami Polski Nie
93%
Zaznacz kafelki, gdzie znajdują się miasta, które były(lub są) kiedyś stolicami Polski Nie
93%
Zaznacz kafelki, gdzie znajdują się miasta, które były(lub są) kiedyś stolicami Polski Nie
93%
Zaznacz kafelki, gdzie znajdują się miasta, które były(lub są) kiedyś stolicami Polski Nie
93%
Zaznacz kafelki, gdzie znajdują się miasta, które były(lub są) kiedyś stolicami Polski Nie
93%
Zaznacz kafelki, gdzie znajdują się miasta, które były(lub są) kiedyś stolicami Polski Nie
93%
Zaznacz wszystkie kafelki, gdzie jest powiat z ludnością powyżej 500 tys Nie
92%
Zaznacz wszystkie kafelki, gdzie jest powiat z ludnością powyżej 500 tys Nie
92%
Zaznacz wszystkie kafelki, gdzie jest powiat z ludnością powyżej 500 tys Nie
92%
Zaznacz kafelki, gdzie znajdują się miasta, które były(lub są) kiedyś stolicami Polski Nie
92%
Zaznacz kafelki, przez które przepływa Wisła Tak
91%
Zaznacz wszystkie kafelki, gdzie jest powiat z ludnością powyżej 500 tys Nie
91%
Zaznacz kafelki, gdzie znajdują się miasta, które były(lub są) kiedyś stolicami Polski Nie
91%
Zaznacz kafelki, przez które przepływa Wisła Nie
90%
Zaznacz wszystkie kafelki, gdzie jest powiat z ludnością powyżej 500 tys Tak
90%
Zaznacz kafelki, gdzie znajdują się miasta, które były(lub są) kiedyś stolicami Polski Nie
90%
Zaznacz wszystkie kafelki, gdzie jest powiat z ludnością powyżej 500 tys Nie
89%
Zaznacz kafelki, gdzie znajdują się miasta, które były(lub są) kiedyś stolicami Polski Tak
89%
Zaznacz wszystkie kafelki które mają granicę z Niemcami(Tylko Polsko-Niemiecka Granica) Nie
88%
Zaznacz kafelki, przez które przepływa Wisła Tak
88%
Zaznacz wszystkie kafelki, gdzie jest powiat z ludnością powyżej 500 tys Nie
87%
Zaznacz kafelki, przez które przepływa Wisła Tak
86%
Zaznacz wszystkie kafelki, gdzie jest powiat z ludnością powyżej 500 tys Nie
85%
Zaznacz kafelki, przez które przepływa Wisła Tak
83%
Zaznacz wszystkie kafelki które mają granicę z Niemcami(Tylko Polsko-Niemiecka Granica) Tak
82%
Zaznacz wszystkie kafelki, gdzie jest powiat z ludnością powyżej 500 tys Nie
82%
Zaznacz wszystkie kafelki graniczące z Czechami Tak
80%
Zaznacz kafelki, gdzie znajdują się miasta, które były(lub są) kiedyś stolicami Polski Tak
80%
Zaznacz kafelki, gdzie znajdują się miasta, które były(lub są) kiedyś stolicami Polski Nie
80%
Zaznacz kafelki, gdzie znajdują się miasta, które były(lub są) kiedyś stolicami Polski Tak
80%
Zaznacz kafelki, przez które przepływa Wisła Tak
77%
Zaznacz kafelki, gdzie znajdują się miasta, które były(lub są) kiedyś stolicami Polski Nie
75%
Zaznacz kafelki, przez które przepływa Wisła Nie
73%
Zaznacz wszystkie kafelki, gdzie jest powiat z ludnością powyżej 500 tys Tak
73%
Zaznacz wszystkie kafelki, gdzie jest powiat z ludnością powyżej 500 tys Tak
73%
Zaznacz wszystkie kafelki, gdzie jest powiat z ludnością powyżej 500 tys Tak
73%
Zaznacz wszystkie kafelki graniczące z Czechami Nie
71%
Zaznacz wszystkie kafelki, gdzie jest powiat z ludnością powyżej 500 tys Nie
67%
Zaznacz wszystkie kafelki, gdzie jest powiat z ludnością powyżej 500 tys Nie
51%
Zaznacz kafelki, przez które przepływa Wisła Tak
40%
Zaznacz wszystkie kafelki, gdzie jest powiat z ludnością powyżej 500 tys Nie
38%
Zaznacz wszystkie kafelki graniczące z Czechami Tak
36%
Zaznacz kafelki, gdzie znajdują się miasta, które były(lub są) kiedyś stolicami Polski Tak
2%
Nie znaleziono quizów pasujących do podanych kryteriów
Rozkład punktacji
Procent ludzi z każdym wynikiem
Percentyl według liczby udzielonych odpowiedzi
Twoja historia wyników
Nie rozwiązałeś tego quizu